00783nam a2200193 a 450000100100000000500170001000800410002704000250006810000280009324500610012126000350018230000230021749000690024049000370030983000760034683000440042295201060046699900170057200003831220201002031225.0130408s1997 dr a 000 0 spa d aDO-SdBNPbspacBNPHU1 aUribe, Alejandro94525310aAcoso sexual, medicina y otros casos /cAlejandro Uribe. aSanto Domingo :bUASD ,c1997. a136 p. : ;c21 cm.1 aPublicaciones de la Universidad Autónoma de Santo Domingov8181 aColección salud y sociedadv24 0aPublicaciones de la Universidad Autónoma de Santo Domingon818955083 0aColección salud y sociedadn24964673 00107-18PDaPDbPDcOId2013-04-08iLF1l0o p38312-10r2020-06-25w2020-06-25yLFPDZNo se presta c37802d37802